| 000 | 00573nam a22001577a 4500 | ||
|---|---|---|---|
| 003 | NUST | ||
| 082 | _a200 | ||
| 100 |
_aKhalid, Mutahira _9109723 |
||
| 245 |
_aEnhancing Deep Learning Models with Automated Knowledge Graphs for Improved Classification Performance and Explainability/ _cMutahira Khalid |
||
| 264 |
_aIslamabad : _bSEECS, NUST, _c2023. |
||
| 300 |
_a78 p. ; _c30 cm. |
||
| 650 |
_aMS-Information Technology _926924 |
||
| 700 |
_aSupervisor: Dr. Hasan Ali Khattak _997753 |
||
| 856 | _uhttp://10.250.8.41:8080/xmlui/handle/123456789/32435 | ||
| 942 |
_2ddc _cSC |
||
| 999 |
_c593496 _d593496 |
||